Beam-Plasma Interaction and instabilities / (رقم التسجيلة. 176670)

تفاصيل مارك
000 -LEADER
fixed length control field 01311namaa22003251i 4500
005 - أخر تعامل مع التسجيلة
control field 20260105130102.0
008 - FIXED-LENGTH DATA ELEMENTS--GENERAL INFORMATION
fixed length control field 251213s1995 ua a|||fr|m|| 000 0 eng d
040 ## - CATALOGING SOURCE
Original cataloguing agency EG-GICUC
Language of cataloging eng
Transcribing agency EG-GICUC
Modifying agency EG-GICUC
Description conventions rda
041 0# - LANGUAGE CODE
Language code of text/sound track or separate title eng
Language code of summary or abstract eng
-- ara
049 ## - Acquisition Source
Acquisition Source Deposit
097 ## - Degree
Degree Ph.D
099 ## - LOCAL FREE-TEXT CALL NUMBER (OCLC)
Local Call Number Cai01.12.20.Ph.D.1995.Na.B.
100 0# - MAIN ENTRY--PERSONAL NAME
Authority record control number or standard number Nazih George Zaki Girgis,
Preparation preparation.
245 10 - TITLE STATEMENT
Title Beam-Plasma Interaction and instabilities /
Statement of responsibility, etc. By Nazih George Zaki Girgis; Supervised Prof. Dr. M. El-Nadi, Prof. Dr. T. El-Khalafawy, Prof. Dr. Sh. M. Khalil
246 15 - VARYING FORM OF TITLE
Title proper/short title تفاعلات الاشعة مع البلازما وعدم الاستقرار
264 #0 - PRODUCTION, PUBLICATION, DISTRIBUTION, MANUFACTURE, AND COPYRIGHT NOTICE
Date of production, publication, distribution, manufacture, or copyright notice 1995
300 ## - PHYSICAL DESCRIPTION
Extent 133 Leaves :
Other physical details illustrations ;
Dimensions 30 cm. +
336 ## - CONTENT TYPE
Source rda content
Content type term text
337 ## - MEDIA TYPE
Source rdamedia
Media type term Unmediated
338 ## - CARRIER TYPE
Source rdacarrier
Carrier type term volume
502 ## - DISSERTATION NOTE
Dissertation note Thesis (Ph.D) -Cairo University, 1995
504 ## - BIBLIOGRAPHY, ETC. NOTE
Bibliography, etc. note Bibliography: pages 126 : 133
653 #0 - INDEX TERM--UNCONTROLLED
Uncontrolled term Beam-Plasma Interaction and instabilities
700 0# - ADDED ENTRY--PERSONAL NAME
Personal name M. El-Nadi
Relator term thesis advisor.
700 0# - ADDED ENTRY--PERSONAL NAME
Personal name T. El-Khalafawy
Relator term thesis advisor.
700 0# - ADDED ENTRY--PERSONAL NAME
Personal name Sh. M. Khalil
Relator term thesis advisor.
900 ## - Thesis Information
Department Department of Physics
Faculties Faculty of Science
Universities Cairo University
Grant date 1995
Supervisory body M. El-Nadi
-- T. El-Khalafawy
-- Sh. M. Khalil
905 ## - Cataloger and Reviser Names
Cataloger Name Nagat Ghanem
Reviser Names Nourhan
942 ## - ADDED ENTRY ELEMENTS (KOHA)
Source of classification or shelving scheme Dewey Decimal Classification
Koha item type Thesis
Edition 21
Suppress in OPAC No
المقتنيات
Source of classification or shelving scheme Home library Current library Date acquired Inventory number Full call number Barcode Date last seen Effective from Koha item type
Dewey Decimal Classification المكتبة المركزبة الجديدة - جامعة القاهرة مكتبة المئوية 13.12.2025 26639 Cai01.12.20.Ph.D.1995.Na.B 01010110026639000 13.12.2025 13.12.2025 Thesis
Cairo University Libraries Portal Implemented & Customized by: Eng. M. Mohamady Contacts: new-lib@cl.cu.edu.eg | cnul@cl.cu.edu.eg
CUCL logo CNUL logo
© All rights reserved — Cairo University Libraries
CUCL logo
Implemented & Customized by: Eng. M. Mohamady Contact: new-lib@cl.cu.edu.eg © All rights reserved — New Central Library
CNUL logo
Implemented & Customized by: Eng. M. Mohamady Contact: cnul@cl.cu.edu.eg © All rights reserved — Cairo National University Library